Statistiken für Bilder nach Buchstabe - O

Klicken Sie hier um das Quiz zu spielen!

Allgemein

  • Dieses Quiz wurde 1,095 mal gespielt
  • Das Durchschnittsergebnis liegt bei 12 aus 16

Antwortstatistiken

Answer % Korrekt
Orca
96%
Oktoberfest
94%
Otter
94%
Origami
93%
Oper
88%
Oase
84%
Orchidee
82%
Osterinsel
80%
Oman
76%
Otto
73%
Obelisk
66%
Oprah
65%
Opal
60%
Opossum
57%
Osmanisch
44%
Oregon
39%

Verteilung der Resultate

Perzentil nach korrekt beantworteten Fragen

Anzahl Personen mit jedem Resultat

Ihre Resultats-Entwicklung

Sie haben dieses Quiz noch nicht gespielt